| 000 | 00666nam a22002297a 4500 | ||
|---|---|---|---|
| 003 | DO-SdBPM | ||
| 005 | 20250520114528.0 | ||
| 008 | 161205b 2007 ch a 00| 0 spa d | ||
| 020 | _a9972209261 | ||
| 040 |
_aDO-SdBPM _bspa _cBPMSU |
||
| 082 | 4 |
_a892.73 _bS588m 2007 _222 |
|
| 245 | 1 | 0 |
_aSimbad el marino / _cAnónimo |
| 260 |
_aChina : _bLexus, _c2007 |
||
| 300 |
_a16 p. : _bilustración ; _c20 cm. |
||
| 590 | _aInventariado, 2025/VM | ||
| 650 | 4 | _aCuentos infantiles árabes | |
| 650 | 4 | _aLiteratura infantil árabe | |
| 650 | 4 | _aLibros ilustrados para niños | |
| 710 | 2 | _aLexus Editores | |
| 910 | _aVMateo V. Control de calidad. BPMSU | ||
| 942 |
_2ddc _cBK |
||
| 999 |
_c15063 _d15063 |
||